Этапы и тенденции корпоративного управления в России; Информационные технологии в науке, управлении, социальной сфере и медицине; Ч. 1

Bibliografiske detaljer
Parent link:Информационные технологии в науке, управлении, социальной сфере и медицине: сборник научных трудов III Международной научной конференции, 23-26 мая 2016 г., Томск.— , 2016
Ч. 1.— 2016.— [С. 402-405]
Hovedforfatter: Сеидова А. С.
Institution som forfatter: Национальный исследовательский Томский политехнический университет (ТПУ) Институт кибернетики (ИК) Кафедра оптимизации систем управления (ОСУ)
Andre forfattere: Сухоплюева В. С. Виктория Сергеевна, Ротарь В. Г. Виктор Григорьевич
Summary:Заглавие с титульного экрана
In our days many countries there is already developed accurately certain system of relationship between the main characters of corporate "performance". This approach allows solving the main objectives of corporation: ensuring maximum efficiency, attraction of investments, implementation of legal and socialobligations.
Sprog:russisk
Udgivet: 2016
Serier:Информационные технологии в образовании. Электронное обучение
Fag:
Online adgang:http://earchive.tpu.ru/handle/11683/31605
Format: MixedMaterials Electronisk Book Chapter
KOHA link:https://koha.lib.tpu.ru/cgi-bin/koha/opac-detail.pl?biblionumber=619388

MARC

LEADER 00000naa2a2200000 4500
001 619388
005 20231101133046.0
035 |a (RuTPU)RU\TPU\conf\17805 
035 |a RU\TPU\conf\17803 
090 |a 619388 
100 |a 20160819d2016 k y0rusy50 ca 
101 0 |a rus 
102 |a RU 
105 |a y z 101zy 
135 |a drcn ---uucaa 
181 0 |a i  
182 0 |a b 
200 1 |a Этапы и тенденции корпоративного управления в России  |d Stages and tendencies of corporate management in Russia  |f А. С. Сеидова, В. С. Сухоплюева, В. Г. Ротарь 
203 |a Текст  |c электронный 
225 1 |a Информационные технологии в образовании. Электронное обучение 
230 |a 1 компьютерный файл (pdf; 409 Kb) 
300 |a Заглавие с титульного экрана 
320 |a [Библиогр.: с. 405 (4 назв.)] 
330 |a In our days many countries there is already developed accurately certain system of relationship between the main characters of corporate "performance". This approach allows solving the main objectives of corporation: ensuring maximum efficiency, attraction of investments, implementation of legal and socialobligations. 
461 1 |0 (RuTPU)RU\TPU\conf\17281  |t Информационные технологии в науке, управлении, социальной сфере и медицине  |o сборник научных трудов III Международной научной конференции, 23-26 мая 2016 г., Томск  |o в 2 ч.  |d 2016 
463 1 |0 (RuTPU)RU\TPU\conf\17283  |t Ч. 1  |f Национальный исследовательский Томский политехнический университет (ТПУ) ; ред. кол. О. Г. Берестнева ; О. М. Гергет ; Т. А. Гладкова  |v [С. 402-405]  |d 2016 
510 1 |a Stages and tendencies of corporate management in Russia  |z eng 
610 1 |a труды учёных ТПУ 
610 1 |a электронные ресурсы 
610 1 |a корпоративное управление 
610 1 |a экономика 
610 1 |a инвестиции 
610 1 |a корпорации 
610 1 |a Россия 
700 1 |a Сеидова  |b А. С. 
701 1 |a Сухоплюева  |b В. С.  |c специалист в области информатики и вычислительной техники  |c лаборант Томского политехнического университета  |f 1993-  |g Виктория Сергеевна  |2 stltpush  |3 (RuTPU)RU\TPU\pers\33466 
701 1 |a Ротарь  |b В. Г.  |c специалист в области автоматического управления  |c доцент Томского политехнического университета, кандидат технических наук  |f 1948-  |g Виктор Григорьевич  |2 stltpush  |3 (RuTPU)RU\TPU\pers\28047 
712 0 2 |a Национальный исследовательский Томский политехнический университет (ТПУ)  |b Институт кибернетики (ИК)  |b Кафедра оптимизации систем управления (ОСУ)  |h 127  |2 stltpush  |3 (RuTPU)RU\TPU\col\18702 
801 2 |a RU  |b 63413507  |c 20160912  |g RCR 
856 4 |u http://earchive.tpu.ru/handle/11683/31605 
942 |c BK